书目信息 |
| 题名: |
地下建筑工程
|
|
| 作者: | 门玉明 主编 | |
| 分册: | ||
| 出版信息: | 北京 冶金工业出版社 2014.08 |
|
| 页数: | XII, 298页 | |
| 开本: | 26cm | |
| 丛书名: | 普通高等学校建筑安全系列规划教材 | |
| 单 册: | ||
| 中图分类: | TU94 | |
| 科图分类: | ||
| 主题词: | 地下工程--di xia gong cheng--工程施工--高等学校--教材 | |
| 电子资源: | ||
| ISBN: | 978-7-5024-6607-7 | |
| 000 | 01147nam 2200277 450 | |
| 001 | CAL 0120141414336 | |
| 005 | 20150819135553.78 | |
| 010 | @a978-7-5024-6607-7@dCNY45.00 | |
| 100 | @a20141108d2014 em y0chiy50 ea | |
| 101 | 0 | @achi |
| 102 | @aCN@b110000 | |
| 105 | @aak a 000yy | |
| 106 | @ar | |
| 200 | 1 | @a地下建筑工程@Adi xia jian zhu gong cheng@f主编门玉明 |
| 210 | @a北京@c冶金工业出版社@d2014.08 | |
| 215 | @aXII, 298页@c图@d26cm | |
| 225 | 2 | @a普通高等学校建筑安全系列规划教材@Apu tong gao deng xue xiao jian zhu an quan xi lie gui hua jiao cai |
| 320 | @a有书目 (第296-298页) | |
| 330 | @a本书详细阐述了地下建筑工程的特点、设计计算原理、施工技术等内容。全书分上下两篇, 共11章, 上篇包括第1章-第5章, 主要介绍地下建筑工程的基础知识 ; 下篇包括第6章-第11章, 主要对隧道工程、地下铁道工程、城市地下综合体工程、防空地下室工程、基坑工程等地下工程进行介绍。 | |
| 410 | 0 | @12001 @a普通高等学校建筑安全系列规划教材 |
| 586 | @a | |
| 606 | 0 | @a地下工程@Adi xia gong cheng@x工程施工@x高等学校@j教材 |
| 690 | @aTU94@v5 | |
| 701 | 0 | @a门玉明@Amen yu ming@4主编 |
| 801 | 0 | @aCN@c20150820 |
| 905 | @a河南城建学院图书馆@dTU94@eM557@f3 | |
| 地下建筑工程/主编门玉明.-北京:冶金工业出版社,2014.08 |
| XII, 298页:图;26cm.-(普通高等学校建筑安全系列规划教材) |
| ISBN 978-7-5024-6607-7:CNY45.00 |
| 本书详细阐述了地下建筑工程的特点、设计计算原理、施工技术等内容。全书分上下两篇, 共11章, 上篇包括第1章-第5章, 主要介绍地下建筑工程的基础知识 ; 下篇包括第6章-第11章, 主要对隧道工程、地下铁道工程、城市地下综合体工程、防空地下室工程、基坑工程等地下工程进行介绍。 |
| ● |
| 相关链接 |
|
|
|
正题名:地下建筑工程
索取号:TU94/M557
 
预约/预借
| 序号 | 登录号 | 条形码 | 馆藏地/架位号 | 状态 | 备注 |
| 1 | 1166539 | 211665394 | 建筑库201/201建筑库 56排7列3层/ [索取号:TU94/M557] | 在馆 | |
| 2 | 1166540 | 211665401 | 建筑库201/201建筑库 56排7列3层/ [索取号:TU94/M557] | 在馆 | |
| 3 | 1166541 | 211665410 | 土木与交通工程学院资料室/101建筑库 82排4列3层/ [索取号:TU94/M557] | 在馆 |